<?xml version="1.0" encoding="UTF-8"?><?xml-stylesheet type="text/xsl" href="static/style.xsl"?><OAI-PMH xmlns="http://www.openarchives.org/OAI/2.0/" xmlns:xsi="http://www.w3.org/2001/XMLSchema-instance" xsi:schemaLocation="http://www.openarchives.org/OAI/2.0/ http://www.openarchives.org/OAI/2.0/OAI-PMH.xsd"><responseDate>2026-06-01T01:18:16Z</responseDate><request verb="GetRecord" identifier="oai:riuma.uma.es:10630/35984" metadataPrefix="marc">https://riuma.uma.es/rest/oai/request</request><GetRecord><record><header><identifier>oai:riuma.uma.es:10630/35984</identifier><datestamp>2026-02-03T11:40:17Z</datestamp><setSpec>com_10630_2254</setSpec><setSpec>col_10630_37956</setSpec></header><metadata><record xmlns="http://www.loc.gov/MARC21/slim" xmlns:dcterms="http://purl.org/dc/terms/" xmlns:doc="http://www.lyncode.com/xoai" xmlns:xsi="http://www.w3.org/2001/XMLSchema-instance" xsi:schemaLocation="http://www.loc.gov/MARC21/slim http://www.loc.gov/standards/marcxml/schema/MARC21slim.xsd">
   <leader>00925njm 22002777a 4500</leader>
   <datafield ind2=" " ind1=" " tag="042">
      <subfield code="a">dc</subfield>
   </datafield>
   <datafield ind2=" " ind1=" " tag="720">
      <subfield code="a">Carrillo-Expósito, María Lucía</subfield>
      <subfield code="e">author</subfield>
   </datafield>
   <datafield ind2=" " ind1=" " tag="260">
      <subfield code="c">2018</subfield>
   </datafield>
   <datafield ind2=" " ind1=" " tag="520">
      <subfield code="a">El capítulo analiza las estrategias lingüísticas e informativas de páginas web españolas de empresas y entidades turísticas en la promoción y venta de productos turísticos alternativos, respetuosos con el territorio. Se centra en el discurso de los textos promocionales, destacando las estrategias empleadas para persuadir al usuario y disipar dudas mediante terminología afín, con el objetivo de fomentar la compra.&#xd;
La hipótesis inicial sugiere que la terminología usada en estas páginas web sigue criterios establecidos por diccionarios y acuerdos internacionales sobre medioambiente y turismo, y plantea si las estrategias lingüísticas difieren de las empleadas en la promoción del turismo tradicional.&#xd;
El corpus se recopiló mediante búsquedas en Google y buscadores de portales institucionales y privados, utilizando palabras clave como ecoturismo, turismo sostenible y turismo responsable. Incluyó textos de 40 páginas web privadas y portales como Ecotur.com, Spain.info y otros regionales.&#xd;
El análisis terminológico y cuantitativo, realizado con el software AntConc 3.4.4, sigue un enfoque cualitativo-constructivista y contrasta los resultados con estudios previos en el ámbito, como los de Calvi, Mapelli y Suau. Calvi (2006, 2010), Mapelli (2008), Calvi-Bonimi (2008), Estornell Pons (2016), Sanmartín (2016) y Suau (2012).</subfield>
   </datafield>
   <datafield ind1="8" ind2=" " tag="024">
      <subfield code="a">Carrillo Expósito, María Lucía (2018). Terminología del Turismo: Turismo Sostenible, Responsable, Ecoturismo, etc.: cuando las palabras confunden a los viajeros, en A. González, S. Rodríguez (Coord), Estudios lingüísticos en torno al turismo (37 - 60). Tirant Humanidades.</subfield>
   </datafield>
   <datafield ind1="8" ind2=" " tag="024">
      <subfield code="a">978-84-17508-62-3</subfield>
   </datafield>
   <datafield ind1="8" ind2=" " tag="024">
      <subfield code="a">https://hdl.handle.net/10630/35984</subfield>
   </datafield>
   <datafield tag="653" ind2=" " ind1=" ">
      <subfield code="a">Lingüística</subfield>
   </datafield>
   <datafield tag="653" ind2=" " ind1=" ">
      <subfield code="a">Turismo</subfield>
   </datafield>
   <datafield ind2="0" ind1="0" tag="245">
      <subfield code="a">Terminología del Turismo: Turismo Sostenible, Responsable, Ecoturismo, etc.: cuando las palabras confunden a los viajeros.</subfield>
   </datafield>
</record>
</metadata></record></GetRecord></OAI-PMH>